| 000 | 00372 a2200109 4500 | ||
|---|---|---|---|
| 001 | ART_59393 | ||
| 005 | 20260410162051.0 | ||
| 008 | 260409a | ||
| 245 | 1 | 0 | _aDerecho administrativo sancionador. Visión articulada con el derecho tributario y aduanero. Segunda parte |
| 100 | 1 | _aSchurig, Harry | |
| 773 | 0 |
_tImpuestos _g- N° 155 (sep. 2023) _wREV45175 |
|
| 999 |
_c35839 _d35839 |
||